000 00558 a2200217 4500
005 20260129111214.0
008 260128b |||||||| |||| 00| 0 eng d
020 _a9780323881685
_c$ 84.99
040 _aMAIN
082 _a611.013
_bC381H(7)
100 _aCarlson, Bruce M
245 _aHuman embryology and developmental biology
250 _a7th
260 _bElsiver
_c2024
_aPhiladelphia
300 _axii, 512
650 _aHuman Anatomy
650 _aHuman Embryology
650 _aDevelopment Biology
650 _aGerm Cell
942 _cBK
999 _c393767
_d393767